World Cup Official Match Balls - Statistics

General Stats
  • This quiz has been taken 11 times
  • The average score is 5 of 14
Answer Stats
Picture Hint Answer % Correct
South Africa 2010 Jabulani
100%
Brazil 2014 Brazuca
67%
Mexico 1970 Telstar
67%
Qatar 2022 Al Rihla
33%
Germany 2006 Teamgeist
33%
Russia 2018 Telstar 18
33%
Mexico 1986 Azteca
22%
Italy 1990 Etrusco Unico
22%
Argentina 1978 Tango
22%
Spain 1982 Tango Espana
22%
France 1998 Tricolore
22%
Korea Japan 2002 Fevernova
11%
USA 1994 Questra
11%
West Germany 1974 Telstar Durlast
11%
No matching quizzes found
Score Distribution
Percent of People with Each Score
Percentile by Number Answered
Your Score History
You have not taken this quiz